Neotvírat!!!. Mrňavé! /
Humorný příběh tří kamarádů, na které v balíčku čeká další tajemný tvor.
Uloženo v:
| Série: | Neotvírat!!!,
část 7 |
|---|---|
| Hlavní autor: | |
| Další autoři: | , |
| Médium: | E-kniha |
| Jazyk: | Czech |
| Vydáno: |
Praha :
Dobrovský s.r.o.,
2023
|
| Edice: | Drobek
|
| Témata: | |
| Příbuzné jednotky: | Z cyklu::
Neotvírat!!! |
| Tagy: |
Žádné tagy |
| LEADER | 02538nam a2200529 i 4500 | ||
|---|---|---|---|
| 001 | 312021 | ||
| 003 | CZ PrSKC | ||
| 005 | 20260601215715.0 | ||
| 007 | ta | ||
| 008 | 230801s2023 xr a b 000 j cze | ||
| 015 | |a cnb003477272 | ||
| 020 | |a 9788027720774 |q (vázáno) | ||
| 035 | |a (OCoLC)1396731234 | ||
| 040 | |a ABG001 |b cze |d OLA001 |e rda | ||
| 041 | 1 | |a cze |h ger | |
| 072 | 7 | |a 821.112.2-3 |x Německá próza, německy psaná |2 Konspekt | |
| 072 | 7 | |a 821-93 |x Literatura pro děti a mládež (beletrie) |2 Konspekt | |
| 080 | |a 821.112.2-32 |2 MRF | ||
| 080 | |a 821-93 |2 MRF | ||
| 080 | |a (0:82-32) |2 MRF | ||
| 100 | 1 | |a Habersack, Charlotte, |d 1966- |7 ola2010548502 |4 aut | |
| 240 | 1 | 0 | |a Winzig!. |l Česky |
| 245 | 1 | 0 | |a Neotvírat!!!. |p Mrňavé! / |c Charlotte Habersack ; ilustrace Fréderic Bertrand ; překlad Iva Zündorf |
| 246 | 3 | 0 | |a Mrňavé! |
| 264 | 1 | |a Praha : |b Dobrovský s.r.o., |c 2023 | |
| 300 | |a 229 stran : |b ilustrace ; |c 21 cm | ||
| 336 | |a text |b txt |2 rdacontent | ||
| 337 | |a bez média |b n |2 rdamedia | ||
| 338 | |a svazek |b nc |2 rdacarrier | ||
| 490 | 1 | |a Drobek | |
| 500 | |a Přeloženo z němčiny | ||
| 500 | |a Obálka s kruhovými výřezy | ||
| 520 | 2 | |a Humorný příběh tří kamarádů, na které v balíčku čeká další tajemný tvor. |b Nový balíček je tady! V balíčku jsou mrňaví Maipuové. Jsou malí, ale příšerně živí... a je jich hrozně moc! Mrňousové se rozběhnou po celém městě. V Horním Suchopáru se mají brzy konat akční závody. Zvládnou Nemo, Otka a Béda pochytat mrňavá stvoření včas a závody zachránit? Nakladatelská anotace. Kráceno. | |
| 655 | 7 | |a německé příběhy |7 fd132944 |2 czenas | |
| 655 | 7 | |a publikace pro děti |7 fd133156 |2 czenas | |
| 655 | 9 | |a German stories |2 eczenas | |
| 655 | 9 | |a children's literature |2 eczenas | |
| 700 | 1 | |a Bertrand, Fréderic, |d 1981- |7 ola2015871441 |4 ill | |
| 700 | 1 | |a Zündorf, Iva, |d 1962- |7 jn20001227745 |4 trl | |
| 765 | 1 | |t Bitte nicht öffnen! | |
| 787 | 0 | 8 | |i Z cyklu: |t Neotvírat!!! |g 7 |
| 830 | 0 | |a Drobek | |
| 900 | |a ABA001 |b 21 | ||
| 044 | |a xr | ||
| 910 | |a RBIT002 | ||
| 998 | |d 381455 |a https://core.palmknihy.cz/api/books/381455/cover?rz49aj |b https://core.palmknihy.cz/api/books/381455/cover/400?rz49aj |c https://core.palmknihy.cz/api/books/381455/cover/50?rz49aj |e 2027-09-09 |g 232 |i 9788027720774 |j https://core.palmknihy.cz/api/books/381455/preview.epub |k https://core.palmknihy.cz/api/books/381455/preview.pdf |l |q 49 |r 1 |s https://www.palmknihy.cz/kniha/381455 |t ebook |y 2023 |z 0 |v Neotvírat! |w 7 | ||
| 999 | |d 312019 | ||